000 00988nam a22002177a 4500
999 _c3563
_d3563
005 20240223111144.0
008 240223b ||||| |||| 00| 0 eng d
020 _a9780141373348
040 _cKH8
082 _aFIC FLE
100 _aFletcher, Tom
_eauthor
245 _aThe Christmasaurus
_cTom Fletcher
260 _a London,
_bPuffin Books,
_c2017
300 _a 359 pages :
_b illustrations ;
_c 20 cm
440 _aChristmasaurus
_vbk. 1
520 _a"The Christmasaurus" is a story about a boy named William Trundle, and a dinosaur, the Christmasaurus. It's about how they meet one Christmas Eve and have a magical adventure. It's about friendship and families, sleigh bells and Santa, singing elves and flying reindeer, music and magic. It's about discovering your heart's true desire, and learning that the impossible might just be possible
650 _aAction and adventure fiction
650 _aChildren's stories
650 _aChristmas stories
942 _2ddc
_cFIC